[Event "Mendrisio op"]
[Site "Mendrisio"]
[Date "1989.??.??"]
[Round "5"]
[White "Robert, Antonin"]
[Black "Klundt, Klaus"]
[Result "0-1"]
[WhiteElo "2215"]
[BlackElo "2390"]

1.d4 Nf6 2.Nf3 g6 3.c4 Bg7 4.g3 O-O 5.Bg2 d6 6.O-O Nc6 7.Nc3 a6 8.h3 Rb8
9.Be3 b5 10.Nd2 Bd7 11.Rc1 e5 12.dxe5 Nxe5 13.cxb5 axb5 14.b3 b4 15.Nce4 Nd5
16.Bd4 Re8 17.Nc4 Nf6 18.Nxf6+ Bxf6 19.Nxe5 Bxe5 20.Bxe5 Rxe5 21.e3 Rb6 22.Qd2 Qc8
23.h4 c5 24.f4 Re7 25.e4 Bh3 26.f5 Bxg2 27.Qxg2 Qe8 28.Rf4 Ra6 29.Rcf1 d5
30.fxg6 hxg6 31.e5 Rae6 32.Qxd5 Rxe5 33.Qc4 Re3 34.R4f3 Rxf3 35.Rxf3 Re1+
36.Kg2 Qe7 37.Qd5 Re5 38.Qc4 Qd7 39.Rf2 Qb7+ 40.Rf3 Re3 41.Qf4 Re2+ 42.Kh3 Qd7+
43.g4 Qd5 44.h5 gxh5 45.g5 Qe6+ 46.Kg3 Rxa2 47.Re3 h4+ 48.Kxh4 Rh2+ 49.Qxh2 Qxe3
50.Qc7 Kg7 51.Qc6 Qf4+ 52.Kh5 Qg3 53.Qf6+ Kg8 54.Qf5 Qxb3 55.g6 Qd1+ 56.Kh6 Qd2+
57.Kh5 Qh2+ 58.Kg4 Qg2+ 59.Kh4 Qxg6 60.Qxc5 Qe4+ 61.Kh5 Kg7 62.Qb5 Qf3+ 63.Kh4 Qf6+
64.Kg3 Qd4 65.Kf3 Kg6 66.Qb8 Qd5+ 67.Kg3 b3 68.Qg8+ Kf6 69.Qh8+ Ke7 70.Qh4+ Ke6
71.Qg4+ Kf6 72.Qf4+ Kg6 73.Qb8 Kg7 74.Qb4 Qe5+ 75.Kh3 b2  0-1

[Event "Mendrisio op"]
[Site "Mendrisio"]
[Date "1989.??.??"]
[Round "8"]
[White "Csom, Istvan"]
[Black "Klundt, Klaus"]
[Result "1/2-1/2"]
[WhiteElo "2530"]
[BlackElo "2390"]

1.c4 Nf6 2.Nf3 g6 3.d4 Bg7 4.g3 O-O 5.Bg2 d6 6.Nc3 Nc6 7.O-O a6 8.Qd3 e5
9.dxe5 dxe5 10.Qxd8 Rxd8 11.Bg5 Be6 12.Nd2 Nd4 13.Rfd1 c6 14.Rac1 h6 15.Bxf6 Bxf6
16.e3 Nf5 17.Nde4 Be7 18.c5 Kf8 19.b3 Ke8 20.Bf1 Rxd1 21.Nxd1 Rd8 22.Nb2 Ng7
23.Na4 f5 24.Nec3 Rd2 25.Be2 Kf7 26.Kf1 Ne8 27.Ke1 Rd8 28.Nb1 Nf6 29.Nd2 Nd7
30.f3 h5 31.Rc2 h4 32.g4 Bg5 33.Nc4 Bxc4 34.Bxc4+ Ke7 35.Ke2 fxg4 36.fxg4 e4
37.Nc3 Nxc5 38.b4 Nd7 39.Nxe4 Bh6 40.h3 Bg7 41.Bb3 Be5 42.Rc4 Rf8 43.g5 Rf5
44.Bc2 Bc7 45.Nf2 Rxg5 46.Rxh4 Nf6 47.Bb3 Rg3 48.Ne4 Nxe4 49.Rxe4+ Kf8 50.Be6 a5
51.Kf2 Rg5 52.bxa5 Rxa5 53.a4 b5 54.axb5 Rxb5 55.Bd7 Re5 56.Rg4 Bb6 57.Bxc6 Bxe3+
58.Kf3 g5 59.Be4 Bc1 60.Rg1 Rc5 61.Kg4 Ke7 62.Re1 Kf6 63.Rf1+ Ke7 64.Bf5 Bd2
65.Rd1 Rc4+ 66.Kg3  1/2-1/2

[Event "Moscow2"]
[Site "Moscow"]
[Date "1989.??.??"]
[Round "?"]
[White "Lipman, V."]
[Black "Ageichenko, Genadi A"]
[Result "1-0"]
[WhiteElo "2285"]
[BlackElo "2340"]

1.d4 Nf6 2.Nf3 g6 3.c4 Bg7 4.g3 O-O 5.Bg2 d6 6.O-O Nbd7 7.Nc3 e5 8.e4 c6
9.h3 Qb6 10.Re1 Re8 11.d5 Nc5 12.Rb1 a5 13.b3 Bd7 14.Bf1 Rec8 15.Be3 cxd5
16.cxd5 Qd8 17.Bd2 b5 18.b4 axb4 19.Rxb4 Na6 20.Rb3 b4 21.Nb5 Rcb8 22.Nxd6 Ba4
23.Nxf7 Kxf7 24.Nxe5+ Kg8 25.Nc6 Bxc6 26.dxc6 Nc5 27.Rxb4 Nfxe4 28.Rxb8 Rxb8
29.Bf4 Qxd1 30.Rxd1 Rc8 31.c7 Bf6 32.Rb1 Ne6 33.Rb8 Rd8 34.cxd8=Q+ Bxd8 35.Bc4 Nc5
36.Rxd8+  1-0

[Event "URS-sf Moscow-ch"]
[Site "Moscow"]
[Date "1989.??.??"]
[Round "?"]
[White "Kiselev, Sergey"]
[Black "Kuzmin, Alexey"]
[Result "0-1"]
[WhiteElo "2445"]
[BlackElo "2475"]

1.d4 Nf6 2.Nf3 g6 3.c4 Bg7 4.g3 O-O 5.Bg2 d6 6.O-O Nc6 7.Nc3 a6 8.b3 Rb8
9.Nd5 Nh5 10.Bb2 e6 11.Nc3 b5 12.cxb5 axb5 13.Rc1 b4 14.Na4 Na5 15.Qc2 Ba6
16.Rfe1 c6 17.e4 Bb5 18.e5 Bh6 19.Rcd1 Bxa4 20.bxa4 d5 21.Bc1 Bxc1 22.Qxc1 Ng7
23.Re2 Nc4 24.Rde1 b3 25.axb3 Rxb3 26.Qh6 Nf5 27.Qf4 Qb6 28.Rd1 Nb2 29.Rxb2 Rxb2
30.g4 Rb1 31.Rf1 Ng7 32.Qh6 g5 33.Nxg5 Rxf1+ 34.Bxf1 Qb1 35.Qf6 Qg6 36.Qf4 h6
37.Nh3 Nh5 38.Qf3 f5 39.exf6 Rxf6 40.Qd1 Nf4 41.Nxf4 Rxf4 42.h3 Qf6 43.Qc2 h5
44.gxh5 Qxd4 45.a5 Rf5 46.Bg2 c5 47.Qa2 c4 48.a6 Rf7 49.Qb1 Qxf2+ 50.Kh1 Rg7  0-1

[Event "New York Manhattan"]
[Site "New York"]
[Date "1989.??.??"]
[Round "?"]
[White "Shapiro, Daniel E"]
[Black "Edelman, Daniel"]
[Result "1-0"]
[WhiteElo "2350"]
[BlackElo "2350"]

1.d4 Nf6 2.c4 g6 3.Nf3 Bg7 4.g3 O-O 5.Bg2 d6 6.O-O Nc6 7.d5 Na5 8.Nfd2 c5
9.Nc3 a6 10.Qc2 Rb8 11.b3 b5 12.Bb2 Bh6 13.f4 bxc4 14.bxc4 e5 15.dxe6 Bxe6
16.Nd5 Bxd5 17.cxd5 Rxb2 18.Qxb2 Bg7 19.Qc2 Ng4 20.Qd3 c4 21.Nxc4 Nxc4 22.Rab1 Qc7
23.e4 Qc5+ 24.Kh1 Rc8 25.Qe2 Nce3 26.Rfe1 Bd4 27.Bf3 f5 28.Rb3 Qc2 29.exf5 Qxe2
30.Bxe2 Nf2+ 31.Kg1 Ne4 32.Bxa6 Nxf5+ 33.Kg2 Rc2+ 34.Re2 Rxe2+ 35.Bxe2 Bc5
36.Rb8+ Kg7 37.Bd3 Ne3+ 38.Kf3 Nf6 39.a4 Nexd5 40.a5 Nb4 41.Bb5 Nc2 42.a6 Nd4+
43.Kg2 Nd5 44.Rb7+ Kf6 45.Be8 Ne3+ 46.Kh1 Ndf5 47.a7 Bxa7 48.Rxa7 h5 49.Rf7+ Ke6
50.Rf8 Ne7 51.Bf7+ Kd7 52.h3 d5 53.Kg1 d4 54.Kf2 Nc2 55.Ke2 Ne3 56.Kf3 Nc2
57.Ke4 Ne3 58.Ra8 N3f5 59.Kf3 Nd6 60.Bb3 Nef5 61.Bc2 Ke6 62.Ra5 Ne7 63.g4 hxg4+
64.hxg4 Kf6 65.Ra4  1-0

[Event "New York Manhattan"]
[Site "New York"]
[Date "1989.??.??"]
[Round "?"]
[White "Vucic, Mladen"]
[Black "Brooks, Michael A"]
[Result "0-1"]
[WhiteElo "2395"]
[BlackElo "2385"]

1.d4 Nf6 2.Nf3 g6 3.c4 Bg7 4.g3 d6 5.Bg2 O-O 6.O-O Nbd7 7.Nc3 e5 8.h3 c6
9.e4 Qb6 10.Re1 exd4 11.Nxd4 Re8 12.Re2 Ng4 13.Nc2 Nge5 14.Ne3 Nc5 15.Na4 Nxa4
16.Qxa4 Be6 17.Rb1 a5 18.Qc2 Qc5 19.b3 a4 20.b4 Qa7 21.Bb2 b5 22.Bxe5 Bxe5
23.Kh2 a3 24.cxb5 cxb5 25.Nd5 Rac8 26.Qd3 Rc4 27.Rb3 Qd4 28.Qxd4 Bxd4 29.Nf4 Bb2
30.Nxe6 Rxe6 31.Rd2 Rc1 32.Bf3 Ra1 33.e5 Rxe5 34.Bd5 Bc1 35.Rd1 Rxa2 36.Rf3 Rc2
37.Bxf7+ Kg7 38.Rxd6 Rf5 39.Rxf5 gxf5 40.Rd7 Rxf2+ 41.Kg1 Rb2 42.Kf1 Kf6
43.Bg8 h5 44.Rd1 Bd2 45.Ke2 Bxb4+ 46.Kf3 Bc5 47.g4 Rf2+ 48.Kg3 hxg4  0-1

[Event "Olomouc"]
[Site "Olomouc"]
[Date "1989.??.??"]
[Round "?"]
[White "Konopka, Michal"]
[Black "Krason, Jozef"]
[Result "1-0"]
[WhiteElo "2405"]
[BlackElo "2370"]

1.Nf3 Nf6 2.c4 g6 3.d4 Bg7 4.g3 O-O 5.Bg2 d6 6.O-O Nbd7 7.Nc3 e5 8.e4 a6
9.Re1 exd4 10.Nxd4 Rb8 11.h3 Ne5 12.b3 Ne8 13.Be3 c5 14.Nde2 b5 15.f4 Nd7
16.Rb1 bxc4 17.bxc4 Rxb1 18.Qxb1 Nc7 19.Rd1 Qe7 20.Qd3 Ne8 21.Nd5 Qd8 22.Bd2 Nb8
23.Qa3 Nc6 24.e5 Kh8 25.Bc3 dxe5 26.Qxc5 Qd6 27.Qb6 exf4 28.Bxg7+ Kxg7 29.Ndc3 Qe6
30.Qxc6 Qe3+ 31.Kh1 Be6 32.gxf4 Nf6 33.Qf3 Qc5 34.Nd5 Qxc4 35.Nxf6 Kxf6 36.Rd2 Rb8
37.Qe3 Rb5 38.Nd4 Rh5 39.Rc2 Qa4 40.Qc3 Ke7 41.Nxe6  1-0

[Event "Olomouc"]
[Site "Olomouc"]
[Date "1989.??.??"]
[Round "?"]
[White "Konopka, Michal"]
[Black "Hesse, Peter"]
[Result "1/2-1/2"]
[WhiteElo "2405"]
[BlackElo "2360"]

1.Nf3 Nf6 2.c4 g6 3.d4 Bg7 4.g3 d6 5.Bg2 O-O 6.O-O Nc6 7.Nc3 e5 8.dxe5 Nxe5
9.Nxe5 dxe5 10.Bg5 Qxd1 11.Rfxd1 c6 12.Rd2 Be6 13.b3 Rfe8 14.h3 h6 15.Be3 Bf8
16.Na4 Bb4 17.Rdd1 Kg7 18.Nc5 Bxc5 19.Bxc5 Nd7 20.Ba3 Rad8 21.Rd2 Nb6 22.Rad1 Rxd2
23.Rxd2 f6 24.Bb4 Kf7 25.Kf1 Ra8 26.a4 Nd7 27.e3 a5 28.Ba3 c5 29.f4 Rb8 30.Bb2 Ke7
31.g4 g5 32.Kf2 b6 33.Bd5 Rh8 34.fxe5  1/2-1/2

[Event "Olomouc"]
[Site "Olomouc"]
[Date "1989.??.??"]
[Round "?"]
[White "Beil, Zdenek"]
[Black "Belotti, Bruno"]
[Result "0-1"]
[WhiteElo "2375"]
[BlackElo "2350"]

1.d4 Nf6 2.c4 g6 3.Nf3 Bg7 4.g3 O-O 5.Bg2 d6 6.O-O Nc6 7.Nc3 a6 8.h3 Rb8
9.Be3 b5 10.Nd2 Bd7 11.Rc1 Qe8 12.d5 Na5 13.c5 Nc4 14.Nxc4 bxc4 15.c6 Bc8
16.Qd2 e6 17.Ba7 Ra8 18.Bd4 Nxd5 19.Bxg7 Kxg7 20.Qd4+ Nf6 21.Qxc4 e5 22.e4 Be6
23.Nd5 Bxd5 24.exd5 Qb8 25.b3 Qb6 26.Qd3 Nh5 27.Kh2 f5 28.Rc2 Nf6 29.Rd1 a5
30.Rb2 Qb4 31.Rc2 Rfe8 32.Rc4 Qb6 33.Qd2 e4 34.Rd4 Re5 35.Qe3 a4 36.b4 a3
37.Bf1 Ree8 38.Rb1 Ra4 39.Rd2 Qxe3 40.fxe3 Rb8 41.b5 Rb6 42.Kg2 Ng8 43.Rd4 Ra8
44.Rbb4 Ne7 45.Ra4 Rbb8 46.Ra6 Rxa6 47.bxa6 Kf6 48.Bc4 Ke5 49.Bb3 g5 50.Rb4 Ra8
51.Bc4 f4 52.gxf4+ gxf4 53.exf4+ Kd4 54.Bb3+ Kd3 55.a7 e3 56.Kf3 Nf5 57.Bc4+ Kd2
58.Rb8 Rxa7 59.Rf8 Nd4+ 60.Ke4 e2 61.Bxe2 Nxe2  0-1

[Event "Olomouc"]
[Site "Olomouc"]
[Date "1989.??.??"]
[Round "?"]
[White "Beil, Zdenek"]
[Black "Babula, Milan"]
[Result "0-1"]
[WhiteElo "2375"]
[BlackElo "2305"]

1.d4 Nf6 2.Nf3 g6 3.c4 Bg7 4.g3 O-O 5.Bg2 d6 6.O-O Nbd7 7.Nc3 e5 8.e4 Re8
9.h3 c6 10.Be3 a6 11.Qc2 b5 12.a3 Bb7 13.dxe5 Nxe5 14.Nxe5 Rxe5 15.cxb5 axb5
16.Rad1 Re6 17.Bd4 Qa5 18.Qb3 Rb8 19.Rfe1 c5 20.Bxf6 Bxf6 21.Re2 Bxc3 22.bxc3 Rbe8
23.Red2 Bxe4 24.Bxe4 Rxe4 25.Rxd6 Re1+ 26.Kh2 Rxd1 27.Rxd1 c4 28.Qb4 Qb6
29.Rd4 Re2 30.g4 Rxf2+ 31.Kg3 Qf6 32.Rd8+ Qxd8 33.Kxf2 Qd2+ 34.Kg3 Qe3+ 35.Kg2 Qe2+
36.Kg3 Qe5+ 37.Kg2 Kg7 38.Qa5 Qd5+ 39.Kg3 Qd6+ 40.Kg2 Qd5+ 41.Kg3 Qe5+ 42.Kg2 h5
43.gxh5 Qg5+ 44.Kh2 Qxh5 45.Kg3 Qe5+ 46.Kg2 Kh6 47.Qb4 Kg5 48.a4 Qe4+ 49.Kf2 bxa4
50.Qxa4 Kf4 51.Qd7 Qe3+ 52.Kf1 Qd3+  0-1

[Event "Olomouc"]
[Site "Olomouc"]
[Date "1989.??.??"]
[Round "?"]
[White "Beil, Zdenek"]
[Black "Hesse, Peter"]
[Result "1/2-1/2"]
[WhiteElo "2375"]
[BlackElo "2360"]

1.d4 Nf6 2.Nf3 g6 3.c4 Bg7 4.g3 d6 5.Bg2 O-O 6.O-O Nc6 7.Nc3 e5 8.d5 Ne7
9.c5 Ne8 10.cxd6 cxd6 11.a4 h6 12.Nd2 f5 13.Nc4 g5 14.Bd2 Rf7 15.Nb5 Ng6
16.Qb3 Bf8 17.Rac1 f4 18.Qa3 Bg4 19.Be4 Qf6 20.Qd3 Ne7 21.Bb4 Nf5 22.e3  1/2-1/2

[Event "Paris op-1"]
[Site "Paris"]
[Date "1989.??.??"]
[Round "?"]
[White "Verat, Laurent"]
[Black "Nay, R."]
[Result "1-0"]
[WhiteElo "2235"]
[BlackElo "1910"]

1.d4 Nf6 2.c4 d6 3.Nf3 g6 4.g3 Bg7 5.Bg2 O-O 6.O-O c6 7.Nc3 Bg4 8.e4 a5 9.Be3 Nbd7
10.Qc2 Bxf3 11.Bxf3 e5 12.Rad1 Qe7 13.b3 Rfe8 14.h3 Rad8 15.Rfe1 h6 16.Kh2 Kh7
17.Bg2 exd4 18.Bxd4 c5 19.Be3 Qe5 20.Ne2 Qh5 21.Kg1 Ne5 22.g4 Qh4 23.Bf4 Ng8
24.Bg3 Qf6 25.Nf4 Ne7 26.Re2 N7c6 27.Red2 Nd4 28.Qd3 b6 29.Ne2 Nec6 30.Nxd4 Nxd4
31.f4 Qe7 32.h4 Bf6 33.g5 Bg7 34.Rf1 hxg5 35.hxg5 Nc6 36.Bf3 Qd7 37.Rh2+ Kg8
38.Rh4 Qe7 39.Re1 Bd4+ 40.Kg2 Kg7 41.Qd2 Qd7 42.f5 gxf5 43.exf5 Rxe1 44.f6+ Kg8
45.Qe3  1-0

[Event "Paris op-1"]
[Site "Paris"]
[Date "1989.??.??"]
[Round "?"]
[White "Bouchaud, Vincent"]
[Black "Trommsdorf, Fro"]
[Result "1-0"]
[WhiteElo "1900"]
[BlackElo "2110"]

1.d4 Nf6 2.c4 g6 3.Nf3 Bg7 4.g3 d6 5.Bg2 O-O 6.Nc3 Nc6 7.O-O e5 8.d5 Ne7
9.e4 c6 10.a4 h6 11.Ne1 Bg4 12.f3 Bd7 13.Be3 cxd5 14.cxd5 Nh5 15.Qd2 g5 16.Nc2 f5
17.Bf2 Nf6 18.Nb5 Bxb5 19.axb5 fxe4 20.fxe4 Ng4 21.Bh3 Nxf2 22.Rxf2 Qb6 23.Na3 h5
24.Be6+ Kh7 25.Rf1 Bh6 26.Kg2 g4 27.Rf7+ Rxf7 28.Rxf7+ Kg6 29.Qd3 Qe3 30.Qxe3 Bxe3
31.Rxe7 a6 32.Rxb7  1-0

[Event "Pau+"]
[Site "Pau"]
[Date "1989.??.??"]
[Round "?"]
[White "Chabanon, Jean Luc"]
[Black "Degraeve, Jean Marc"]
[Result "1/2-1/2"]
[WhiteElo "2245"]
[BlackElo "2320"]

1.d4 Nf6 2.Nf3 g6 3.c4 Bg7 4.g3 O-O 5.Bg2 d6 6.O-O c6 7.Nc3 Nbd7 8.Qc2 e5
9.Rd1 Re8 10.dxe5 dxe5 11.Ng5 Qe7 12.Nge4 Nc5 13.Bg5 Bf5 14.Bxf6 Bxf6 15.Nxf6+ Qxf6
16.Qd2 Red8 17.Qe3 Rd4 18.b4 Na6 19.b5 Nb4 20.Rxd4 exd4 21.Ne4 Qe5 22.Qf4 Re8
23.Qxe5 Rxe5 24.Nd6 Rxe2 25.Nxf5 gxf5 26.a3 Nc2 27.Rd1 c5 28.Bf1 Re1 29.Rxe1 Nxe1
30.f4 Nc2 31.Bd3 Ne3 32.h3 Kg7 33.Kf2 Kf6 34.Kf3 h5 35.Kf2 Nd1+ 36.Kf3 Nb2
37.Bf1 d3 38.Ke3 Nxc4+ 39.Kxd3 Nd6 40.Bg2 b6 41.a4 Ne4 42.Bxe4 fxe4+ 43.Kxe4 Ke6
44.g4 f5+ 45.gxf5+ Ke7 46.Ke5 h4 47.f6+ Kf7 48.f5  1/2-1/2

[Event "World op"]
[Site "Philadelphia"]
[Date "1989.??.??"]
[Round "5"]
[White "Shapiro, Daniel E"]
[Black "Byrne, Robert E"]
[Result "0-1"]
[WhiteElo "2350"]
[BlackElo "2465"]

1.d4 Nf6 2.c4 g6 3.Nf3 Bg7 4.g3 O-O 5.Bg2 d6 6.O-O c5 7.Nc3 Nc6 8.d5 Na5
9.Nd2 a6 10.Qc2 Rb8 11.b3 b5 12.Bb2 e5 13.Rae1 Ng4 14.e4 f5 15.exf5 gxf5
16.h3 Nf6 17.f4 exf4 18.gxf4 bxc4 19.bxc4 Nh5 20.Nd1 Rb7 21.Bxg7 Rxg7 22.Rf3 Qh4
23.Ref1 Rf6 24.Qc3 Rfg6 25.R1f2 Nb7 26.Qe3 Bd7 27.Nf1 h6 28.Kh2 Nf6 29.Kg1 Ne4
30.Rb2 Qf6 31.Qa3 Qd4+ 32.Nde3 Na5 33.Re2 Nxc4 34.Qxa6 Ned2 35.Nxd2 Nxe3
36.Rfxe3 Rxg2+ 37.Kh1 Qxf4  0-1

[Event "Podolsk GMA-qual"]
[Site "Podolsk"]
[Date "1989.??.??"]
[Round "?"]
[White "Kharitonov, Andrei Y"]
[Black "Tunik, Gennady"]
[Result "1/2-1/2"]
[WhiteElo "2505"]
[BlackElo "2470"]

1.d4 Nf6 2.Nf3 g6 3.c4 Bg7 4.g3 O-O 5.Bg2 d6 6.O-O Nbd7 7.Nc3 e5 8.dxe5 dxe5
9.h3 Re8 10.Be3 c6 11.Qd2 Qe7 12.Rfd1 Nc5 13.Ng5 Ne6 14.Nxe6  1/2-1/2

[Event "Podolsk GMA-qual"]
[Site "Podolsk"]
[Date "1989.??.??"]
[Round "?"]
[White "Kharitonov, Andrei Y"]
[Black "Kuzmin, Alexey"]
[Result "1/2-1/2"]
[WhiteElo "2505"]
[BlackElo "2475"]

1.d4 Nf6 2.Nf3 g6 3.c4 Bg7 4.g3 O-O 5.Bg2 d6 6.O-O Nc6 7.Nc3 a6 8.e3 Rb8
9.Qe2 b5 10.Rd1 b4 11.Nd5 Nd7 12.b3 e6 13.Nf4 e5 14.dxe5 dxe5 15.Nd5 Ne7
16.Bb2 c6 17.Nxe7+ Qxe7 18.Nd2 Bb7 19.Ne4 Rfd8 20.Rd2 Nf6 21.Nxf6+ Bxf6 22.Rad1 Qe6
23.c5 Rxd2 24.Rxd2 Be7 25.Qd1 Bxc5 26.Rd8+ Rxd8 27.Qxd8+ Kg7 28.Qb8 Qe7 29.Bxe5+ f6
30.Bc7 a5 31.Qxb7 Bd6 32.Bxc6 Bxc7 33.Kg2 Qd6 34.Bd5 f5 35.Bc4 Qe7 36.Qd5 Kh6
37.h4 Bb6 38.Be2 Bc7 39.Bf3 Kg7 40.h5 Bb6 41.hxg6 hxg6 42.Qc6 Bd8 43.e4 Qc7
44.Qd5 fxe4 45.Bxe4 Be7 46.Bd3 Qd6 47.Qe4 Bd8 48.f4 Bc7 49.Kf3 Bb6 50.g4 Bc7
51.g5 Kf8 52.Qc4 Kg7 53.Bc2 Bb6 54.Qe4 Bc7 55.Kg3 Bb8 56.Bd3 Bc7 57.Bc4 Qc5
58.Kf3 Qd6 59.Bd5 Bb6 60.Ke2 Qc5 61.Qe5+ Kh7 62.Kd3 Qb5+  1/2-1/2

[Event "Podolsk GMA-qual"]
[Site "Podolsk"]
[Date "1989.??.??"]
[Round "?"]
[White "Yurtaev, Leonid"]
[Black "Tseitlin, Mark D"]
[Result "1-0"]
[WhiteElo "2505"]
[BlackElo "2435"]

1.d4 Nf6 2.Nf3 g6 3.c4 Bg7 4.g3 O-O 5.Bg2 d6 6.Nc3 Nc6 7.O-O Bf5 8.d5 Na5
9.Nd4 Bd7 10.b3 c5 11.Nc2 a6 12.e4 b5 13.Qe2 Ng4 14.Bd2 b4 15.Nd1 Bxa1 16.Nxa1 f5
17.exf5 Bxf5 18.h3 Ne5 19.Nb2 Nf7 20.g4 Bd7 21.Nd3 Nb7 22.Nc2 a5 23.Nf4 a4
24.Ne6 Qc8 25.Nxf8 Qxf8 26.Qd1 Qg7 27.Re1 Ne5 28.Bg5 Na5 29.f4 Nf7 30.Rxe7 axb3
31.axb3 Nxb3 32.Rxd7 Na5 33.Bf1 b3 34.Na3 b2 35.Nb1 Rb8 36.Bh4 Nb3 37.Bf2 Qf6
38.Be3 Nd4 39.Kg2 Re8 40.Qd2 Nc2 41.Bf2 Nb4 42.Rb7 g5 43.Bd3 Nxd3 44.Qxd3 gxf4
45.Nd2 h5 46.Nf3 hxg4 47.hxg4 Kh8 48.g5 Qg7 49.Qb1  1-0

[Event "Rubinstein mem"]
[Site "Polanica Zdroj"]
[Date "1989.??.??"]
[Round "7"]
[White "Matlak, Marek"]
[Black "Gruenberg, Hans Ulrich"]
[Result "1/2-1/2"]
[WhiteElo "2420"]
[BlackElo "2475"]

1.d4 Nf6 2.Nf3 g6 3.c4 Bg7 4.g3 O-O 5.Bg2 d6 6.O-O a6 7.b3 c6 8.Bb2 Nbd7
9.Qc2 Re8 10.Rd1 Qc7 11.e4 e5 12.h3 exd4 13.Nxd4 Nc5 14.Nc3 a5 15.Rab1 h6
16.a3  1/2-1/2

[Event "Rubinstein mem"]
[Site "Polanica Zdroj"]
[Date "1989.??.??"]
[Round "10"]
[White "Stempin, Pawel"]
[Black "Gruenberg, Hans Ulrich"]
[Result "1/2-1/2"]
[WhiteElo "2395"]
[BlackElo "2475"]

1.d4 Nf6 2.Nf3 g6 3.c4 Bg7 4.g3 O-O 5.Bg2 d6 6.Nc3 Nbd7 7.O-O e5 8.e4 exd4
9.Nxd4 Re8 10.Re1 Nc5 11.f3 Nfd7 12.Be3 Ne5 13.Bf1 Bd7 14.Bf2 Qc8 15.Nd5 c6
16.Nf4 a5 17.Rc1 Qc7 18.Rc2 a4 19.Kh1 Rad8 20.Rd2 Bc8 21.Qc2 h5 22.Bg2 Qe7  1/2-1/2

[Event "Porz op23"]
[Site "Porz"]
[Date "1989.??.??"]
[Round "5"]
[White "Bany, Jerzy"]
[Black "Begnis, Nikolaos"]
[Result "1-0"]
[WhiteElo "2440"]
[BlackElo "2245"]

1.d4 Nf6 2.Nf3 g6 3.c4 Bg7 4.g3 O-O 5.Bg2 d6 6.Nc3 c6 7.O-O Qa5 8.e4 Qh5
9.e5 dxe5 10.dxe5 Ng4 11.Re1 Nd7 12.Bf4 g5 13.Bxg5 Ndxe5 14.Bh4 Ng6 15.h3 Nf6
16.Qb3 Nxh4 17.Nxh4 Re8 18.Re3 Qa5 19.Rae1 e6 20.Re5 Qd8 21.R5e2 Rf8 22.Nf3 Nd7
23.Ne4 Qe7 24.Rd1 e5 25.Nd6 Nb6 26.c5 Nd5 27.Rde1 Be6 28.Qc2 f6 29.Nd4 exd4
30.Rxe6 Ne3 31.Qb3  1-0

[Event "Bohemians"]
[Site "Prague"]
[Date "1989.??.??"]
[Round "?"]
[White "Hansen, Curt"]
[Black "Kosic, Dragan"]
[Result "1-0"]
[WhiteElo "2545"]
[BlackElo "2445"]

1.d4 Nf6 2.Nf3 g6 3.c4 Bg7 4.g3 O-O 5.Bg2 d6 6.O-O c6 7.Nc3 Qa5 8.h3 Be6
9.Nd2 Na6 10.a3 Qb6 11.e3 c5 12.d5 Bd7 13.b3 Qd8 14.Bb2 Nc7 15.Qc2 b5 16.Rfe1 Rb8
17.e4 e5 18.b4 cxb4 19.axb4 bxc4 20.Rxa7 Nfe8 21.Ba3 Qc8 22.Kh2 Nb5 23.Nxb5 Bxb5
24.Nb1 f5 25.Nc3 Bd7 26.b5 f4 27.Rb1 Bh6 28.Qe2 f3 29.Bxf3 Bd2 30.Qxd2 Rxf3
31.b6 Qd8 32.Kg2 Rd3 33.Qc1 Qc8 34.b7 Qd8 35.Nd1 Qc7 36.Ne3 Rd4 37.Qc3 Kf7
38.Qa5 Ke7 39.Qxc7 Nxc7 40.Rb6  1-0

[Event "Bohemians-B"]
[Site "Prague"]
[Date "1989.??.??"]
[Round "?"]
[White "Konopka, Michal"]
[Black "Znamenacek, Kvetoslav"]
[Result "1-0"]
[WhiteElo "2405"]
[BlackElo "2305"]

1.Nf3 Nf6 2.c4 g6 3.g3 Bg7 4.d4 O-O 5.Bg2 d6 6.Nc3 c5 7.O-O Nc6 8.dxc5 dxc5
9.Be3 Be6 10.Qa4 Na5 11.Rfd1 Bd7 12.Qc2 Nxc4 13.Bxc5 Rc8 14.Bd4 Qe8 15.b3 Na5
16.Bxa7 Bf5 17.Qd2 Nc6 18.Bd4 Bg4 19.Be3 Rd8 20.Qe1 Nb4 21.Rac1 Rxd1 22.Nxd1 Nfd5
23.Bd4 Nxa2 24.Bxg7 Kxg7 25.Ra1 Nab4 26.Qd2 Qb5 27.Ra4 Be6 28.Nd4 Qc5 29.Nxe6+ fxe6
30.e4 b5 31.Ra1 Nf6 32.Rc1 Qd6 33.Qe2 Nc6 34.Qxb5 Nd4 35.Qd3 e5 36.Qc4 Ng4
37.h3 Nf6 38.Ne3 Rb8 39.Rb1 Rb4 40.Qc8  1-0

[Event "Bohemians"]
[Site "Prague"]
[Date "1989.??.??"]
[Round "?"]
[White "Schmidt, Wlodzimierz"]
[Black "Vokac, Marek"]
[Result "1/2-1/2"]
[WhiteElo "2460"]
[BlackElo "2445"]

1.Nf3 Nf6 2.c4 g6 3.d4 Bg7 4.g3 O-O 5.Bg2 d6 6.Nc3 Nbd7 7.O-O e5 8.e4 Re8
9.Re1 exd4 10.Nxd4 a6 11.h3 Ne5 12.b3 c5 13.Nc2 Rb8 14.Bb2 b5 15.cxb5 c4
16.Nb4 axb5 17.Ncd5 Bb7 18.Re2 Nxd5 19.exd5 Rc8 20.Rc1 Qa5 21.Bxe5 Rxe5 22.Nc6 Bxc6  1/2-1/2

[Event "Prague op"]
[Site "Prague"]
[Date "1989.??.??"]
[Round "6"]
[White "Hudecek, Jan"]
[Black "Poldauf, Dirk"]
[Result "0-1"]
[WhiteElo "2215"]
[BlackElo "2390"]

1.d4 Nf6 2.c4 g6 3.g3 Bg7 4.Bg2 O-O 5.Nf3 d6 6.O-O c6 7.Nc3 Bf5 8.Nh4 Be6
9.d5 cxd5 10.cxd5 Bd7 11.e4 Na6 12.Nf3 Qb6 13.Rb1 Rfc8 14.Be3 Qb4 15.a3 Qa5
16.h3 Rxc3 17.bxc3 Nxe4 18.Nd4 Nac5 19.Nb3 Qxa3 20.Nxc5 Nxc5 21.Bxc5 Qxc5
22.Re1 Bf6 23.Rxb7 Qc8 24.Qb3 a5 25.Re2 a4 26.Qb6 Bxh3 27.Rc7 Qg4 28.Qb1 Ra5
29.Qb4 Qxe2 30.Qxa5 Bxg2 31.Kxg2 Qe4+ 32.Kg1 Qe1+ 33.Kg2 Qe4+ 34.Kg1 h5 35.Rc8+ Kg7
36.c4 Bd4 37.Qd2 a3 38.Ra8 Bc5 39.Qc3+ f6 40.Qb3  0-1

[Event "Reykjavik"]
[Site "Reykjavik"]
[Date "1989.??.??"]
[Round "?"]
[White "Bjarnason, Saevar"]
[Black "Balashov, Yuri S"]
[Result "0-1"]
[WhiteElo "2335"]
[BlackElo "2530"]

1.d4 Nf6 2.c4 g6 3.Nf3 Bg7 4.g3 O-O 5.Bg2 d6 6.O-O Nbd7 7.Nc3 e5 8.Qc2 Re8
9.Rd1 c6 10.e4 a6 11.Rb1 exd4 12.Nxd4 Ne5 13.c5 d5 14.Bg5 h6 15.Bxf6 Qxf6
16.exd5 Bg4 17.Ne4 Qe7 18.Rd2 cxd5 19.Nd6 Nc4 20.Rd3 Nxd6 21.cxd6 Qxd6 22.Qb3 Qc5
23.Qc3 Qb6 24.h3 Bf5  0-1

[Event "Royan op"]
[Site "Royan"]
[Date "1989.??.??"]
[Round "3"]
[White "Whiteley, Andrew J"]
[Black "Gallagher, Joseph G"]
[Result "0-1"]
[WhiteElo "2340"]
[BlackElo "2445"]

1.d4 Nf6 2.c4 g6 3.Nf3 Bg7 4.g3 O-O 5.Bg2 d6 6.O-O Nbd7 7.Nc3 e5 8.e4 exd4
9.Nxd4 Re8 10.h3 a6 11.Re1 Rb8 12.b3 c5 13.Nc2 b5 14.cxb5 axb5 15.Qxd6 Rb6
16.Qd1 b4 17.Na4 Rbe6 18.Bb2 Qe7 19.Ne3 Bb7 20.f3 Nh5 21.Bxg7 Kxg7 22.g4 Nf4
23.Qd2 Ne5 24.Rf1 Rd8 25.Nf5+ gxf5 26.Qxf4 Nd3 27.Qe3 f4 28.Qd2 c4 29.bxc4 Qd7
30.a3 Qxa4 31.axb4 Qd7 32.Qc3+ Qd4+ 33.Qxd4+ Rxd4 34.Rfd1 Red6 35.Ra7 Rd7
36.Kf1 Rxc4 37.Rxb7 Rxb7 38.Rxd3 Rcxb4 39.Rd2 Rb1+ 40.Kf2 R7b2 41.Rxb2 Rxb2+
42.Kg1 Kf6 43.h4 Ke5 44.g5 h6 45.h5 hxg5 46.Bh3 Kd4 47.Bg4 Ke3 48.Kf1 Rh2
49.Kg1 Rh4 50.Kf1 f6 51.Kg2 Ke2 52.Kg1 Rxg4+ 53.fxg4 f3  0-1

[Event "Sevilla op"]
[Site "Sevilla"]
[Date "1989.??.??"]
[Round "?"]
[White "Kinsman, Andrew PH"]
[Black "Bass, Leonid"]
[Result "1/2-1/2"]
[WhiteElo "2330"]
[BlackElo "2430"]

1.d4 Nf6 2.Nf3 g6 3.c4 Bg7 4.g3 O-O 5.Bg2 d6 6.O-O Nc6 7.Nc3 e5 8.d5 Ne7
9.c5 Ne8 10.cxd6 Nxd6 11.e4 c6 12.Qb3 cxd5 13.exd5 Nef5 14.Bg5 Qd7 15.Rad1 h6
16.Be3 Nxe3 17.fxe3 b5 18.Ne1 Qb7 19.Ne4 Nxe4 20.Bxe4 Kh7 21.Bg2 f5 22.Nd3 Qb6
23.Kh1 Bb7 24.e4 a5 25.exf5 gxf5 26.Qc2 Rac8 27.Qe2 Qd6 28.g4 fxg4 29.Nf2 Kh8
30.Nxg4 Rxf1+ 31.Qxf1 Rc2 32.Be4 Rc7 33.Qf5 Kg8 34.Qh7+ Kf8 35.Rf1+ Rf7 36.Rxf7+ Kxf7
37.Qf5+ Kg8 38.Qh7+ Kf8 39.Qf5+ Ke8 40.Ne3 Kd8 41.Qf7 Qd7 42.Qg8+ Kc7 43.Nf5 Bf6
44.Nxh6 Be7 45.Nf5 Bc5 46.Qg7 Qxg7 47.Nxg7 Bc8 48.Kg2 Bf8 49.Nf5 a4 50.Kf3 Kb6
51.Kg4 Bh6 52.Kh5 Bc1 53.b3 axb3 54.axb3 Kc5 55.Kg6 Kb4 56.h4 Kxb3 57.h5 Kc4
58.d6 Kc5 59.h6 Bxh6 60.Kxh6 Bxf5 61.Bxf5  1/2-1/2

[Event "St Ingbert op"]
[Site "St Ingbert"]
[Date "1989.??.??"]
[Round "7"]
[White "Mozny, Milos"]
[Black "Portisch, Ferenc"]
[Result "1/2-1/2"]
[WhiteElo "2360"]
[BlackElo "2395"]

1.d4 Nf6 2.Nf3 g6 3.g3 Bg7 4.c4 d6 5.Bg2 O-O 6.O-O Nbd7 7.Nc3 e5 8.e4 c6
9.h3 Re8 10.Be3 a5 11.Qc2 a4 12.b4 exd4 13.Nxd4 Nb6 14.Nce2 Qe7 15.Nxc6 bxc6
16.Bxb6 Nxe4 17.Rae1 d5 18.a3 Ba6 19.b5 cxb5 20.Nf4 Bb7 21.Nxd5 Bxd5 22.cxd5 f5
23.f3 Qf6 24.Qc6 Rec8 25.Qe6+ Qxe6 26.dxe6 Nd2 27.f4 Nxf1 28.e7 Kf7 29.Bd5+ Ke8
30.Bd8 Rxd8 31.exd8=Q+ Kxd8 32.Bxa8 Nxg3 33.Kg2 Nh5 34.Kf3 Bb2 35.Bc6 Bxa3
36.Re8+ Kc7 37.Bxb5 Bd6 38.Bxa4 Nxf4 39.Rh8 g5 40.Rxh7+ Kb6 41.Ke3 Bc5+ 42.Kd2 g4
43.hxg4 fxg4 44.Rg7 Bb4+ 45.Ke3 Nd5+ 46.Kd4 Bc3+ 47.Kxd5  1/2-1/2

[Event "Tapolca"]
[Site "Tapolca"]
[Date "1989.??.??"]
[Round "?"]
[White "Busch, Klaus"]
[Black "Landenbergue, Claude"]
[Result "0-1"]
[WhiteElo "2255"]
[BlackElo "2350"]

1.Nf3 Nf6 2.c4 g6 3.d4 Bg7 4.g3 O-O 5.Bg2 d6 6.Nc3 Nbd7 7.O-O e5 8.e4 exd4
9.Nxd4 Re8 10.h3 Nc5 11.Re1 a5 12.Qc2 Nfd7 13.Be3 a4 14.Rad1 c6 15.Re2 Qa5
16.Red2 Qb4 17.Nb1 Nf6 18.f3 Bd7 19.Ne2 Be6 20.Na3 Rad8 21.Bd4 Bc8 22.Qc3 Qxc3
23.Bxc3 Nh5 24.Bxg7 Nxg7 25.Rxd6 Rxd6 26.Rxd6 f5 27.Nc3 Kf7 28.Kf2 fxe4 29.fxe4 Nh5
30.Rd2 Ke6 31.g4 Nf4 32.Ke3 Ke5 33.Bf1 h5 34.gxh5 gxh5 35.h4 Rg8 36.Nc2 Bh3
37.Rf2 Rg3+ 38.Kd2 Bxf1 39.Rxf1 a3 40.Nxa3 Rg2+ 41.Ke3 Rg3+ 42.Rf3 Ng2+ 43.Kf2 Rxf3+
44.Kxf3 Nxh4+ 45.Ke3 Ng2+ 46.Kf3 Ne1+ 47.Ke3 h4 48.Ne2 h3 49.Ng3 Ned3 50.b3 h2
51.Nh1 Nb4 52.Nb1 Nxe4 53.a3 Nc2+ 54.Kd3 Nd4 55.b4 Nf5 56.Nd2 Nxd2 57.Kxd2 Kd4
58.c5 Kc4 59.Kc2 Nd4+ 60.Kb2 Kd3 61.Ng3 Ne2 62.Nh1 Ke3 63.a4 Kf3 64.b5 Nd4
65.Kc3 cxb5  0-1